00414nam a22001457a 450000500170000000800410001702000180005804100080007608200100008410000210009424501000011526000300021530000080024565000150025320160628155957.0160628b xxu||||| |||| 00| 0 eng d a81-7188-418-0 aeng b10952 aRao, CH Hamantha aEssay on Development Strategy, Ranyal disposities and center- state financial relation in India bAcademic Foundationc2005 a318 aManagement